| 000 | 01391nam a22003377i 4500 | ||
|---|---|---|---|
| 003 | EG-ScBUE | ||
| 005 | 20230111112457.0 | ||
| 008 | 220731s2019 iq o f 000 0 ara d | ||
| 020 | _a9789922601304 | ||
| 040 |
_aEG-ScBUE _bara _erda _cEG-ScBUE _dEG-ScBUE |
||
| 041 | 1 |
_aara _heng |
|
| 082 | 0 | 4 |
_222 _a930.1 _bف ا ي |
| 100 | 1 |
_aفايغن، براين، _eمؤلف. |
|
| 240 | 1 | 0 |
_aLittle history of Archaeology. _lArabic |
| 245 | 1 | 0 |
_aمختصر تاريخ الأركيولوجيا : _bعلم الآثار والفنون القديمة / _cبراين فايغن ؛ ترجمة أحمد الزبيدي. |
| 250 | _aالطبعة الأولى. | ||
| 264 | 1 |
_aبغداد : _bدار الكتب العلمية للطباعة والنشر والتوزيع : _bمعنى للنشر والترجمة، _c2019. |
|
| 300 |
_a459 صفحة : _bصور ؛ _c20 سم. |
||
| 336 |
_2rdacontent _aنص _btxt |
||
| 337 |
_2rdamedia _aبدون وسيط _bn |
||
| 338 |
_2rdacarrier _aمجلد _bnc |
||
| 490 | 0 | _aمختصر تاريخ | |
| 541 |
_cDonation ; _aBaccah |
||
| 546 | _aالنص باللغة العربية وتم ترجمته من اللغة الإنجليزية. | ||
| 650 | 7 |
_aالآثار، علم. _2BUEsh |
|
| 650 | 7 |
_aالفن القديم. _2BUEsh |
|
| 653 |
_bART _cJanuary2023 |
||
| 655 | _vReading book | ||
| 700 | 1 |
_aالزبيدي، أحمد، _eمترجم. |
|
| 942 | _2ddc | ||
| 999 |
_c30077 _d30048 |
||